| 000 | 00426cam a2200169ua 4500 | ||
|---|---|---|---|
| 020 | _c30.00 | ||
| 041 |
_aeng _h |
||
| 082 |
_a005.133 _bANJ/FU |
||
| 100 | _aAnjali Roy, Chaudhary . | ||
| 245 |
_aFun with Logo part-3 / _cAnjali Roy Chaudhary. _hTextual Documents |
||
| 260 |
_aNew Delhi : _bB P B Publishers , _c1989. |
||
| 300 | _a147 ; . | ||
| 365 | _a30.00 | ||
| 504 | _a | ||
| 942 | _cBK | ||
| 999 |
_c9474 _d9474 |
||